Vplyv informačných technológii na marketingovú komunikáciu
Analýza vplyvu informačných technológií na marketingovú komunikáciu spoločností, ktoré predávajú rybárske potreby, na vzorke 115 000 členov Slovenského rybárskeho zväzu. Analýza trhu s rybárskymi potrebami, analýza zákazníka, analýza konkurencie. Propagačné formy rybárstva v SR, časopis „Slovenský r...
Enregistré dans:
| Auteur principal: | |
|---|---|
| Format: | Chapitre de livre |
| Langue: | slovaque |
| Sujets: | |
| Tags: |
Pas de tags, Soyez le premier à ajouter un tag!
|
MARC
| LEADER | 00000naa$a2200000$$$4500 | ||
|---|---|---|---|
| 001 | 0250717 | ||
| 005 | 20240502074023.3 | ||
| 041 | 0 | |a slo | |
| 044 | |a SK | ||
| 245 | 1 | 0 | |a Vplyv informačných technológii na marketingovú komunikáciu |c Ingrid Potisková |
| 520 | |a Analýza vplyvu informačných technológií na marketingovú komunikáciu spoločností, ktoré predávajú rybárske potreby, na vzorke 115 000 členov Slovenského rybárskeho zväzu. Analýza trhu s rybárskymi potrebami, analýza zákazníka, analýza konkurencie. Propagačné formy rybárstva v SR, časopis „Slovenský rybár“, TV relácia „Na rybách – Petrov zdar!“. Odporúčania k tvorbe marketingovej komunikácie spoločností venujúcich sa predaju rybárskych potrieb. | ||
| 610 | 2 | 0 | |a marketing |
| 610 | 2 | 0 | |a komunikácia marketingová |
| 610 | 2 | 0 | |a technológie informačné |
| 610 | 2 | 0 | |a technológie komunikačné |
| 610 | 2 | 0 | |a rybárstvo |
| 610 | 2 | 0 | |a rybolov |
| 610 | 2 | 0 | |a predaj |
| 610 | 2 | 0 | |a analýza trhu |
| 610 | 2 | 0 | |a zákazníci |
| 610 | 2 | 0 | |a konkurencia |
| 610 | 2 | 0 | |a Slovensko |
| 100 | 1 | |a Potisková, Ingrid | |